000 00186nam a2200085Ia 4500
008 250605s9999 xx 000 0 und d
041 _aeng
100 _aAnirudh Sharma
245 _aB S Kaiser
999 _c43705
_d43705